Triangular philatelics : a guide for beginning to advanced collectors (Record no. 2412)

000 -LEADER
fixed length control field 00574nam a22000977a 4500
008 - FIXED-LENGTH DATA ELEMENTS--GENERAL INFORMATION
fixed length control field 170522b xxu||||| |||| 00| 0 eng d
100 ## - MAIN ENTRY--AUTHOR'S NAME
Author's Name Green, Chirs
245 ## - TITLE STATEMENT
Title Triangular philatelics : a guide for beginning to advanced collectors
260 ## - PUBLICATION, DISTRIBUTION, ETC. (IMPRINT)
Place of publication, distribution, etc. Iola, WI
Name of publisher, distributor, etc. Krause Publications
Date of publication, distribution, etc. 1998
650 ## - TOPICAL TERM (Tag)
Topical term or geographic name Triangular Issues | Stamps -- Histories | Cinderella Material | Topical Collecting | Collecting | Collecting -- Guides and Handbooks | Seals and Labels | Locals and Private Posts | Revenues | Semi-postal Issues | Air Mail | Bogus Issues | Bibliographies | Collecting -- Identification
Holdings
Withdrawn status Lost status Source of classification or shelving scheme Damaged status Koha normalized classification for sorting Not for loan Permanent Location Current Location Shelving location Date acquired Total Checkouts Full call number Barcode Date last seen Copy number Price effective from Koha item type
        G3201 A11 G7951   Northern Philatelic Library Northern Philatelic Library General Stacks 05/22/2017   G3201 A11 G7951 1003077 05/22/2017 1 05/22/2017 Books

Powered by Koha